Super Mario Games - Find the Real - Statistics

General Stats
  • This quiz has been taken 252 times
  • The average score is 6 of 10
Answer Stats
Question Answer % Correct
Game 7 Captain Toad: Treasure Tracker
84%
Game 1 Mario's Bombs Away
82%
Game 4 Dance Dance Revolution: Mario Mix
74%
Game 2 Mario's Time Machine
68%
Game 9 Donkey Kong Jr. Math
62%
Game 10 Mario Teaches Typing
62%
Game 8 Super Mario Bros. 35
60%
Game 6 Mario & Sonic at the Sochi 2014 Winter Olympic Games
43%
Game 5 Fortune Street
38%
Game 3 Donkey Kong Country 2: Diddy's Kong Quest
37%
No matching quizzes found
Score Distribution
Percent of People with Each Score
Percentile by Number Answered
Your Score History
You have not taken this quiz